Представление документа в формате MARC21

Поле Инд. ПП Название Значение
Тип записи a
Библиографический уровень m
001 _ Контрольный номер RU/URAIT/545163
005 _ Дата корректировки 20250915104043.0
008 Кодируемые данные 240124s2024 RU y f j 000 0 rus u
020 a ISBN 978-5-534-18617-8
c Цена, тираж 2069.00
040 a Служба первич. каталог. ИКО Юрайт
c Служба, преобразующая запись ИКО Юрайт
e Правила каталог. RCR
041 a Код языка текста rus
044 a Код страны публикации RU
080 a Индекс УДК 796(075.8)
084 2 Источник индекса rubbk
a Индекс другой классификации/Индекс ББК 75я73
100 1_ a Автор Конеева Елена Владимировна
q Полное имя Елена Владимировна
245 a Заглавие Физическая культура
b Продолж. заглавия учебное пособие для вузов
c Ответственность Е. В. Конеева [и др.] ; под редакцией Е. В. Конеевой.
250 g пер. и доп
a Основные сведения об издании 3-е изд.
256 a Характеристики компьютерного файла Электрон. дан.
260 a Место издания Москва
b Издательство Юрайт
c Дата издания 2024
300 a Объем 609 с
440 a Серия Высшее образование
500 a Примечание URL: https://urait.ru/bcode/545163 (дата обращения: 09.02.2024).
520 a Аннотация В курсе ведется повествование о цели и задачах занятий по физической культуре, особенно в дошкольных организациях, основой которых является создание фундамента физического здоровья детей, формирования их личности. Содержатся данные о концепции формирования физической культуры личности школьников и студентов. Курс включает в себя сведения о здоровом образе жизни студентов, профилактике вредных привычек, корпоративном спорте и др. Соответствует актуальным требованиям федерального государственного образовательного стандарта высшего образования. Курс предназначен для студентов, учителей физической культуры, преподавателей вузов и сузов, инструкторов по физической культуре в дошкольных учреждениях.
538 a Прим. о системных особенностях Режим доступа: Электронно-библиотечная система Юрайт, для авториз. пользователей
653 a Ключевые слова Физическая культура
653 a Ключевые слова Гуманитарные науки
653 a Ключевые слова Физическая культура
653 a Ключевые слова Теория и методика физической культуры
653 a Ключевые слова Физическая культура (физическая подготовка)
653 a Ключевые слова Прикладная физическая культура
653 a Ключевые слова Физкультура
653 a Ключевые слова Физическая подготовка
653 a Ключевые слова Прикладная физическая подготовка
653 a Ключевые слова Физическая культура и спорт
653 a Ключевые слова Общая физическая подготовка
653 a Ключевые слова Прикладная физическая подготовка (по видам спорта)
653 a Ключевые слова Прикладная физическая культура (виды спорта по выбору студента)
653 a Ключевые слова Физическая культура (базовая подготовка)
653 a Ключевые слова Физическая культура (углубленная подготовка)
653 a Ключевые слова Прикладная физическая культура и спорт
653 a Ключевые слова Физическая культура (ЗОЖ)
653 a Ключевые слова Общая физическая культура
653 a Ключевые слова Основы физической культуры
653 a Ключевые слова Физическая культура спорт
653 a Ключевые слова Элективная физическая культура
653 a Ключевые слова Элективная физическая культура и спорт
653 a Ключевые слова Физическая культура. Общие вопросы
653 a Ключевые слова Физическая культура и спорт: теория и практика
653 a Ключевые слова Физическая культура и здоровье
653 a Ключевые слова Базовая физическая культура
653 a Ключевые слова Физическая культура/ Адаптивная физическая культура
653 a Ключевые слова Физическая культура и спорт. Общая физическая подготовка
653 a Ключевые слова Физическая культура и спорт. Спортивная подготовка
653 a Ключевые слова Физическая культура здоровье
653 a Ключевые слова Физическая культура (элективная дисциплина)
653 a Ключевые слова Физическая культура и спорт (элективный курс)
653 a Ключевые слова Элективные курсы по физической культуре, Физическая культура и спорт
653 a Ключевые слова Физическая культура (элективные курсы)
653 a Ключевые слова Физическая культура: общая физическая подготовка
700 1_ a Другие авторы Зайцев Анатолий Александрович
q Полное имя Анатолий Александрович
700 1_ a Другие авторы Томашевская Ольга Борисовна
q Полное имя Ольга Борисовна
700 1_ a Другие авторы Покровская Наталья Владимировна
q Полное имя Наталья Владимировна
700 1_ a Другие авторы Почечура Наталья Николаевна
q Полное имя Наталья Николаевна
700 1_ a Другие авторы Романов Сергей Станиславович
q Полное имя Сергей Станиславович
700 1_ a Другие авторы Колтан Светлана Владимировна
q Полное имя Светлана Владимировна
700 1_ a Другие авторы Лизогубенко Николай Васильевич
q Полное имя Николай Васильевич
700 1_ a Другие авторы Пельменев Виктор Константинович
q Полное имя Виктор Константинович
700 1_ a Другие авторы Зайцева Виктория Федоровна
q Полное имя Виктория Федоровна
700 1_ a Другие авторы Жигарева Оксана Георгиевна
q Полное имя Оксана Георгиевна
700 1_ a Другие авторы Горячева Евгения Николаевна
q Полное имя Евгения Николаевна
700 1_ a Другие авторы Брагина Алина Игоревна
q Полное имя Алина Игоревна
700 1_ a Другие авторы Брагина Ирина Юрьевна
q Полное имя Ирина Юрьевна
856 40 n Местонахождение сервера Юрайт
g Электронная книга
q Тип электронного формата html
h Имя пользователя ЮРАЙТ
v Часы доступа к ресурсу 20240803
2 Способ доступа Показать документ
x Примечание для ЭОР https://urait.ru/book/cover/B75D58F9-0D06-48FB-AA99-8968E78C850B
u URL https://urait.ru/bcode/545163
z Примечание для пользователя Участвует в КО
856 41 q Тип электронного формата cover
u URL https://urait.ru/book/cover/B75D58F9-0D06-48FB-AA99-8968E78C850B